000 00432nam a2200145Ia 4500
008 100204s9999 xx 000 0 und d
082 _b105
100 _aचव्हाण बिमन
245 _aप्रमोशन
260 _b"डिंंंंप्ंाल पब्लिकेशन, वसई"
_c1979
300 _a88
630 _aप्रमोशन
730 _aप्रमोशन
942 _cBOOK
999 _c445302
_d445299